| 000 | 00822nam a2200229Ii 4500 | ||
|---|---|---|---|
| 003 | JO-AjNU | ||
| 008 | 230605s9999||||xx |||||||||||||| ||und|| | ||
| 017 | _a2015/3/977 | ||
| 020 | _a978-9957-00-592-4 | ||
| 040 |
_aJO-AjNU _bara _erda _cJO-AjNU |
||
| 041 | _aara | ||
| 050 | 1 | 4 | _aBF723.Z3442 2015 |
| 100 | 3 |
_aالزغول، عماد عبدالرحيم، م. مشارك عبدالله عبد الغفور الصمادي, _eauthor _962042 |
|
| 245 | 0 | 0 | _aالموهوبون ذوو الاحتياجات الخاصة |
| 250 | _aط1 | ||
| 264 | 3 | 1 | _aعمان: دار الشروق للنشر والتوزيع، 2015 |
| 300 | _a220ص | ||
| 336 |
_atext _btxt _2rdacontent |
||
| 337 |
_aunmediated _bn _2rdamedia |
||
| 338 |
_avolume _bnc _2rdacarrier |
||
| 650 | 4 |
_aالتربية الخاصة-الموهوبون _962043 |
|
| 999 |
_aA28074 _c31642 _d31642 |
||